000 00449nam a2200181Ia 4500
001 13580
005 20260306164811.0
008 260306t2008||||xx |||||||||||||| ||spa||
041 _aESP
082 _a004.68
_bC28
100 _aCarballar, José A.
_eAUT
245 0 _aWi-Fi:
_binstalación, seguridad y aplicaciones
260 _c2008
300 _axvi, 319 páginas :
_c23 cm.
650 _aGEN
654 _aCCC
942 _cLIB
_dJUS
_fJUS
_2ddc
_n
999 _c13580
_d13580